Recognize Countries by Tripoint Maps #5 - Statistics

General Stats
  • This quiz has been taken 3,330 times
  • The average score is 22 of 27
Answer Stats
Picture Answer % Correct
France
98%
Andorra
97%
Spain
97%
Kuwait
91%
Saudi Arabia
91%
Iraq
90%
Myanmar
90%
Thailand
90%
Laos
89%
Cameroon
88%
Tajikistan
86%
D.R. Congo
85%
Germany
85%
Kyrgyzstan
85%
Uzbekistan
85%
Austria
84%
Czech Republic
84%
Argentina
83%
Brazil
83%
Central African Republic
83%
Paraguay
83%
Republic of the Congo
83%
Chad
82%
Angola
78%
Serbia
46%
Bosnia and Herzegovina
44%
Croatia
44%
No matching quizzes found
Score Distribution
Percent of People with Each Score
Percentile by Number Answered
Your Score History
You have not taken this quiz